Phương pháp viết luận văn tiếng Anh English skills with readings

Nội dung sách gồm có kỹ năng viết câu; các yếu tố căn bản để viết văn hay; phương pháp viết đoạn văn; phương pháp viết bài luận; và bài nghị luận mẫu

Đã lưu trong:
書目詳細資料
主要作者: John Longan
格式: 圖書
語言:Undetermined
出版: Đồng Nai Nxb. Đồng Nai 1997
主題:
標簽: 添加標簽
沒有標簽, 成為第一個標記此記錄!
Thư viện lưu trữ: Trung tâm Học liệu Trường Đại học Cần Thơ
LEADER 00857nam a2200217Ia 4500
001 CTU_20283
008 210402s9999 xx 000 0 und d
020 |b 32.000đ 
082 |a 428 
082 |b L848 
100 |a John Longan 
245 0 |a Phương pháp viết luận văn tiếng Anh 
245 0 |b English skills with readings 
245 0 |c John Longan 
260 |a Đồng Nai 
260 |b Nxb. Đồng Nai 
260 |c 1997 
520 |a Nội dung sách gồm có kỹ năng viết câu; các yếu tố căn bản để viết văn hay; phương pháp viết đoạn văn; phương pháp viết bài luận; và bài nghị luận mẫu 
650 |a english language - composition and exercises 
904 |i Minh, 971215 
980 |a Trung tâm Học liệu Trường Đại học Cần Thơ